000 00711nam a2200205 4500
010 _a207012
035 _a207012
037 _bCen Lib / Ret
040 _aDPL
_bEN
082 _a193
_bHEG
100 _aHegel, Geore Wilhelm Friedrich
245 _aLectures on the philosophy of religion :
_btogether with a work on the proofs of the existence of God /
_cby Georg Wilhelm Friedrich Hegel [ and] J. Burdon Sanderson
260 _aLondon
_bRoutledge & Kegan Paul
_c1995
270 _aRoutledge & Kegan Paul
_bLondon
300 _a(v 2. 358p)
_b24cm(Hb)
650 _aReligion -- Philosophy.
650 _aGod -- Proof.
700 _aJ. Burdon Sanderson
942 _2ddc
_cEN
_h193
_mHEG
999 _c136683
_d136683